|
|
|
|
| LEADER |
00000naa2a2200000 4500 |
| 001 |
214204 |
| 005 |
20231031193512.0 |
| 035 |
|
|
|a (RuTPU)RU\TPU\book\234062
|
| 035 |
|
|
|a RU\TPU\book\234011
|
| 090 |
|
|
|a 214204
|
| 100 |
|
|
|a 20120420d1972 k y0rusy50 ca
|
| 101 |
0 |
|
|a rus
|
| 102 |
|
|
|a RU
|
| 200 |
1 |
|
|a Об установке для дифференциально-термического анализа
|f Х. Д. Коппел [и др.]
|
| 320 |
|
|
|a Библиогр.: с. 231 (4 назв.)
|
| 463 |
|
0 |
|0 (RuTPU)RU\TPU\book\233997
|t Физические процессы в соединениях типа АПВУ I
|f Академия наук Эстонской ССР (АН ЭССР), Институт физики и астрономии
|v С. 226-232
|d 1972
|p 248 с.
|s Труды института физики и астрономии ; Вып. 41
|
| 701 |
|
1 |
|a Коппел
|b Х. Д.
|
| 701 |
|
1 |
|a Руут
|b А. В.
|
| 701 |
|
1 |
|a Тулва
|b Л. Т.
|
| 701 |
|
1 |
|a Тийслер
|b Т. Й.
|
| 701 |
|
1 |
|a Каськ
|b Р. Х.
|
| 801 |
|
1 |
|a RU
|b 63413507
|c 20120420
|
| 801 |
|
2 |
|a RU
|b 63413507
|c 20130910
|g RCR
|
| 942 |
|
|
|c BK
|